000
00491nam a2200181Ia 4500
008
100917s9999 xx 000 0 und d
082
_b
62493
100
_a
आनंद मुल्कराज
245
_a
रस्ता
260
_b
श्रीविद्या प्रकाशन
_c
---
300
_a
72
365
_b
15
520
_a
कादंबरी
630
_a
रस्ता
650
_a
कादंबरी
730
_a
रस्ता
942
_c
BOOK
999
_c
667887
_d
667884